| Tag |
First Indicator |
Second Indicator |
Subfields |
| LEADER |
00000cam a2200000 a 4500 |
| 001 |
in00000010348 |
| 005 |
20151007051340.0 |
| 008 |
880304s1986 xx b 00010 eng d |
| 035 |
|
|
|a (OCoLC)17577572
|
| 035 |
|
|
|9 AAA2552AM
|
| 040 |
|
|
|a TXA
|c TXA
|d UtOrBLW
|
| 043 |
|
|
|a n-us---
|
| 049 |
|
|
|a TXAZ [Also in] [Archives]
|c 1 [A09991598], 2 [A09991603]
|
| 099 |
|
|
|a 1986
|a Thesis
|a T258
|
| 100 |
1 |
|
|a Teel, Marion Moncrief,
|d 1962-
|
| 245 |
1 |
0 |
|a Ways to control large agricultural businesses /
|c by Marion Moncrief Teel.
|
| 264 |
|
1 |
|a [Place of publication not identified] :
|b [publisher not identified] ;
|c 1986.
|
| 300 |
|
|
|a 45 leaves ;
|c 28 cm.
|
| 336 |
|
|
|a text
|b txt
|2 rdacontent
|
| 337 |
|
|
|a unmediated
|b n
|2 rdamedia
|
| 338 |
|
|
|a volume
|b nc
|2 rdacarrier
|
| 500 |
|
|
|a Typescript (photocopy).
|
| 502 |
|
|
|b M. Ag.
|c Texas A&M University
|d 1986.
|
| 500 |
|
|
|a Vita.
|
| 504 |
|
|
|a Bibliography: leaf 44.
|
| 500 |
|
|
|a "Major subject: Agricultural Finance."
|
| 650 |
|
0 |
|a Agricultural industries
|z United States
|x Capital investments.
|
| 650 |
|
0 |
|a Agriculture
|x Economic aspects
|z United States.
|
| 650 |
|
4 |
|a Major agricultural economics.
|
| 999 |
|
|
|a MARS
|
| 999 |
f |
f |
|s 92dc2168-c915-3b2a-9b5d-bc6b367b3fcf
|i cd6d3b38-0e45-3d28-8292-9d02bd57cd99
|t 0
|
| 952 |
f |
f |
|p noncirc
|a Texas A&M University
|b J.J. Pickle Campus
|c High Density Repository
|s HDR
|d Remote Storage
|t 0
|e 1986 Thesis T258
|h Other scheme
|i unmediated -- volume
|m A14839613382
|
| 998 |
f |
f |
|a 1986 Thesis T258
|t 0
|l Remote Storage
|